Ako klasifikáciou dát zvýšiť hodnotu informácií?

Bibliographic Details
Main Author: Capek, Pavol (Author)
Format: Article
Language:Slovak
ISSN:1335-4787
Subjects:

MARC

LEADER 00000nab a2200000 a 4500
001 vtls009158476
003 SK-MaSNL
005 20260304154339.0
008 250507c2007 xo |||||||||||000 b|slo
015 |a SNBRB2007/11  |2 snkbucl 
035 |a (uuid)d7c8283b-ef2b-40ab-8b78-6e87988eeacc 
035 |a urn:nbn:sk:snk-ab1fau 
035 |a (urnnbn)urn:nbn:sk:snk:ar-00350j 
038 |a SNKBUCL 
040 |a SNKBUCL  |b slo  |c SNKBUCL  |e AACR2 
041 0 |a slo 
044 |a xo  |c SK 
080 |a 004.62:658.012.45  |2 2001 
080 |a 658.012.45  |2 2001 
100 1 |a Capek, Pavol  |4 aut  |9 1151892 
245 1 0 |a Ako klasifikáciou dát zvýšiť hodnotu informácií?  |c Pavol Capek 
650 0 7 |a spracovanie dát  |2 SNKPH  |9 1841 
650 0 7 |a klasifikácia dát  |2 snkbucl  |9 1478927 
650 0 7 |a podnikové informácie  |2 snkbucl  |9 1032150 
650 0 7 |a podnikové informačné systémy  |2 SNKPH  |9 68605 
773 0 |t Infoware  |g Č. 10 (2007), s. 22-23  |x 1335-4787 
850 |a Slovenská národná knižnica 
852 |a Slovenská národná knižnica 
954 |a odborná, vedecká literatúra pôvodná (slovenská)  |2 lita 
958 |a article2022 
958 |a OND 
958 |a EUIPO 
999 |c 2957230  |d 2959160